| 000 | 00722cam a22002412 4500 | ||
|---|---|---|---|
| 001 | 0000004674 | ||
| 005 | 20151217145820.0 | ||
| 008 | 070528s xx 000 0 eng d | ||
| 020 |
_a0195637488 : _cKES 2,099 |
||
| 040 |
_aKABU _cKABU |
||
| 050 | 0 |
_aQK45.2 _b.D88 2004 |
|
| 100 | 1 |
_aDutta, A. C. _@0000161269 |
|
| 245 | 1 | 0 |
_aBotany for degree students / _cA. C. Dutta. |
| 250 |
_a6th ed. / _bRev. by T. C. Dutta. |
||
| 260 |
_aOxford : _bOUP, _c1964. |
||
| 300 | _axvi, 708 p. | ||
| 650 | 0 |
_aBotany. _@0000016761 |
|
| 700 | 1 |
_aDutta, T. C. _@0000155360 |
|
| 852 | 1 | _9p620 KES | |
| 908 | _a070528 | ||
| 950 | _@1 | ||
| 999 |
_c2867 _d2867 |
||